[Event "George Trundle Masters 2016"]
[Site "Auckland"]
[Date "2016.07.17"]
[Round "9.1"]
[White "Smith, Robert W"]
[Black "Hague, Ben"]
[Result "0-1"]
[LiveChessVersion "1.4.8"]
[BlackElo "2336"]
[WhiteElo "2207"]

1. e4 {[%clk 1:30:58]} c5 {[%clk 1:30:56]} 2. d3 {[%clk 1:30:54]} Nc6
{[%clk 1:31:05]} 3. f4 {[%clk 1:30:25]} g6 {[%clk 1:30:12]} 4. Nf3
{[%clk 1:30:44]} Bg7 {[%clk 1:30:35]} 5. Be2 {[%clk 1:29:19]} e6 {[%clk 1:29:04]}
6. O-O {[%clk 1:29:24]} Nge7 {[%clk 1:29:22]} 7. c3 {[%clk 1:25:43]} d5
{[%clk 1:25:12]} 8. Qe1 {[%clk 1:21:36]} O-O {[%clk 1:22:18]} 9. Qg3
{[%clk 1:16:02]} b5 {[%clk 1:15:06]} 10. h4 {[%clk 1:04:19]} c4 {[%clk 1:10:43]}
11. h5 {[%clk 0:57:24]} cxd3 {[%clk 1:05:44]} 12. Bxd3 {[%clk 0:57:44]} dxe4
{[%clk 1:05:22]} 13. Bxe4 {[%clk 0:58:06]} Nf5 {[%clk 1:04:36]} 14. Qf2
{[%clk 0:56:01]} Bb7 {[%clk 1:03:57]} 15. hxg6 {[%clk 0:51:21]} fxg6
{[%clk 1:01:53]} 16. a4 {[%clk 0:41:44]} b4 {[%clk 0:47:59]} 17. cxb4
{[%clk 0:36:27]} Qc7 {[%clk 0:42:48]} 18. Bxc6 {[%clk 0:12:27]} Bxc6
{[%clk 0:40:14]} 19. Nc3 {[%clk 0:11:52]} g5 {[%clk 0:29:10]} 20. g4
{[%clk 0:06:56]} Nh6 {[%clk 0:26:21]} 21. Qe2 {[%clk 0:02:23]} gxf4
{[%clk 0:25:25]} 22. Qxe6+ {[%clk 0:01:23]} Kh8 {[%clk 0:25:42]} 23. b5
{[%clk 0:01:04]} Bxf3 {[%clk 0:23:21]} 24. Rxf3 {[%clk 0:01:20]} Rae8
{[%clk 0:23:38]} 25. Qc6 {[%clk 0:01:01]} Re1+ {[%clk 0:23:21]} 26. Kg2
{[%clk 0:01:12]} Qe7 {[%clk 0:22:17]} 27. Bxf4 {[%clk 0:00:48]} Rxa1
{[%clk 0:20:17]} 28. Bxh6 {[%clk 0:00:57]} Bxh6 {[%clk 0:17:57]} 29. Qxh6
{[%clk 0:01:20]} Rxf3 {[%clk 0:18:05]} 30. Kxf3 {[%clk 0:01:47]} Rf1+
{[%clk 0:18:05]} 31. Kg2 {[%clk 0:01:40]} Qe1 {[%clk 0:18:06]} 32. Qc6
{[%clk 0:00:45]} Rf2+ {[%clk 0:17:27]} 33. Kh3 {[%clk 0:00:56]} Qe3+
{[%clk 0:17:46]} 0-1

[Event "George Trundle Masters 2016"]
[Site "Auckland"]
[Date "2016.07.17"]
[Round "9.3"]
[White "Croad, Nicholas"]
[Black "Garbett, Paul A"]
[Result "0-1"]
[LiveChessVersion "1.4.8"]
[BlackElo "2229"]
[WhiteElo "2320"]

1. e4 {[%clk 1:30:57]} c5 {[%clk 1:30:10]} 2. Nf3 {[%clk 1:31:21]} e6
{[%clk 1:30:22]} 3. d4 {[%clk 1:31:44]} cxd4 {[%clk 1:30:48]} 4. Nxd4
{[%clk 1:32:12]} Nf6 {[%clk 1:28:54]} 5. Nc3 {[%clk 1:32:30]} d6 {[%clk 1:29:20]}
6. Be2 {[%clk 1:32:46]} Nc6 {[%clk 1:29:27]} 7. Be3 {[%clk 1:32:35]} Be7
{[%clk 1:29:39]} 8. O-O {[%clk 1:32:46]} O-O {[%clk 1:29:53]} 9. f4
{[%clk 1:32:14]} e5 {[%clk 1:29:45]} 10. Nxc6 {[%clk 1:21:29]} bxc6
{[%clk 1:29:58]} 11. fxe5 {[%clk 1:21:54]} dxe5 {[%clk 1:30:09]} 12. Qe1
{[%clk 1:22:13]} Be6 {[%clk 1:21:18]} 13. Kh1 {[%clk 1:19:42]} Qc7
{[%clk 1:17:30]} 14. Qg3 {[%clk 1:17:13]} Kh8 {[%clk 1:14:41]} 15. a3
{[%clk 1:10:11]} Rab8 {[%clk 1:03:34]} 16. Rab1 {[%clk 1:00:23]} Rfd8
{[%clk 0:52:33]} 17. Qf2 {[%clk 0:56:18]} c5 {[%clk 0:49:55]} 18. Bf3
{[%clk 0:54:50]} Rb7 {[%clk 0:44:55]} 19. Qg3 {[%clk 0:49:11]} Qb8
{[%clk 0:39:23]} 20. b3 {[%clk 0:43:19]} a5 {[%clk 0:34:17]} 21. Bg5
{[%clk 0:27:32]} c4 {[%clk 0:32:10]} 22. bxc4 {[%clk 0:24:52]} Bxc4
{[%clk 0:32:23]} 23. Rxb7 {[%clk 0:24:23]} Qxb7 {[%clk 0:32:43]} 24. Rb1
{[%clk 0:24:19]} Qc7 {[%clk 0:28:22]} 25. Bxf6 {[%clk 0:22:25]} Bxf6
{[%clk 0:27:42]} 26. Qf2 {[%clk 0:22:41]} Be7 {[%clk 0:27:01]} 27. a4
{[%clk 0:18:11]} Bc5 {[%clk 0:16:16]} 28. Qh4 {[%clk 0:18:17]} Be7
{[%clk 0:13:54]} 29. Qf2 {[%clk 0:18:40]} Qc5 {[%clk 0:14:07]} 30. Qxc5
{[%clk 0:17:37]} Bxc5 {[%clk 0:14:31]} 31. Nd5 {[%clk 0:17:07]} g6
{[%clk 0:13:49]} 32. Rb7 {[%clk 0:16:46]} Bxd5 {[%clk 0:13:16]} 33. exd5
{[%clk 0:17:10]} e4 {[%clk 0:13:13]} 34. Be2 {[%clk 0:15:31]} Rxd5
{[%clk 0:13:10]} 35. Rxf7 {[%clk 0:15:45]} Rd2 {[%clk 0:13:11]} 36. Bb5
{[%clk 0:08:47]} e3 {[%clk 0:11:47]} 37. Rf1 {[%clk 0:08:08]} e2 {[%clk 0:11:51]}
0-1

[Event "George Trundle Masters 2016"]
[Site "Auckland"]
[Date "2016.07.17"]
[Round "9.4"]
[White "Wastney, Scott"]
[Black "Wallis, Christopher"]
[Result "0-1"]
[LiveChessVersion "1.4.8"]
[BlackElo "2351"]
[WhiteElo "2370"]

1. e4 {[%clk 1:30:59]} e6 {[%clk 1:30:56]} 2. d4 {[%clk 1:31:26]} d5
{[%clk 1:31:22]} 3. Bd3 {[%clk 1:31:53]} dxe4 {[%clk 1:31:47]} 4. Bxe4
{[%clk 1:32:20]} Nf6 {[%clk 1:32:10]} 5. Bf3 {[%clk 1:32:48]} c5 {[%clk 1:32:31]}
6. Ne2 {[%clk 1:33:14]} Nc6 {[%clk 1:32:53]} 7. Be3 {[%clk 1:33:39]} cxd4
{[%clk 1:33:11]} 8. Nxd4 {[%clk 1:34:01]} Ne5 {[%clk 1:33:33]} 9. Nc3
{[%clk 1:34:27]} Be7 {[%clk 1:33:52]} 10. Qe2 {[%clk 1:34:14]} Bd7
{[%clk 1:34:03]} 11. O-O-O {[%clk 1:34:04]} Rc8 {[%clk 1:34:26]} 12. Bf4
{[%clk 1:10:54]} Nxf3 {[%clk 1:21:13]} 13. Qxf3 {[%clk 1:10:02]} Rxc3
{[%clk 1:10:37]} 14. bxc3 {[%clk 1:02:00]} Nd5 {[%clk 0:55:35]} 15. Bd2
{[%clk 0:59:53]} Qb6 {[%clk 0:53:28]} 16. Nb3 {[%clk 0:55:14]} Qa6
{[%clk 0:49:44]} 17. Kb1 {[%clk 0:52:59]} O-O {[%clk 0:46:46]} 18. c4
{[%clk 0:38:57]} Qxc4 {[%clk 0:45:49]} 19. Qd3 {[%clk 0:29:09]} Qxd3
{[%clk 0:40:59]} 20. cxd3 {[%clk 0:29:37]} Bb5 {[%clk 0:41:22]} 21. d4
{[%clk 0:27:19]} b6 {[%clk 0:38:54]} 22. Kb2 {[%clk 0:24:50]} a5 {[%clk 0:34:40]}
23. a3 {[%clk 0:24:20]} Bf6 {[%clk 0:29:20]} 24. Be3 {[%clk 0:23:58]} Rd8
{[%clk 0:24:56]} 25. Nd2 {[%clk 0:20:51]} Bd3 {[%clk 0:14:58]} 26. Nf3
{[%clk 0:19:31]} Be4 {[%clk 0:13:05]} 27. Bg5 {[%clk 0:18:07]} Bxg5
{[%clk 0:13:00]} 28. Nxg5 {[%clk 0:18:23]} Bxg2 {[%clk 0:12:46]} 29. Rhe1
{[%clk 0:12:31]} Nf4 {[%clk 0:10:21]} 30. Ne4 {[%clk 0:10:21]} Bf3 0-1

[Event "George Trundle Masters 2016"]
[Site "Auckland"]
[Date "2016.07.17"]
[Round "9.5"]
[White "Watson, Bruce R"]
[Black "Chan, Peng Kong"]
[Result "1/2-1/2"]
[LiveChessVersion "1.4.8"]
[BlackElo "2238"]
[WhiteElo "2237"]

1. e4 {[%clk 1:30:55]} Nf6 {[%clk 1:30:18]} 2. e5 {[%clk 1:31:17]} Nd5
{[%clk 1:30:47]} 3. d4 {[%clk 1:31:40]} d6 {[%clk 1:31:11]} 4. Nf3
{[%clk 1:32:04]} dxe5 {[%clk 1:31:14]} 5. Nxe5 {[%clk 1:32:25]} c6
{[%clk 1:31:41]} 6. Bd3 {[%clk 1:26:04]} Nd7 {[%clk 1:30:12]} 7. Nxd7
{[%clk 1:26:21]} Bxd7 {[%clk 1:30:07]} 8. O-O {[%clk 1:26:30]} g6
{[%clk 1:29:59]} 9. c3 {[%clk 1:25:56]} Bg7 {[%clk 1:30:14]} 10. Re1
{[%clk 1:24:23]} O-O {[%clk 1:30:37]} 11. Nd2 {[%clk 1:24:20]} Re8
{[%clk 1:25:00]} 12. Nc4 {[%clk 1:19:28]} Qc8 {[%clk 1:20:53]} 13. Bd2
{[%clk 1:02:38]} Bf5 {[%clk 1:15:53]} 14. Qc2 {[%clk 0:51:24]} Bxd3
{[%clk 1:16:00]} 15. Qxd3 {[%clk 0:50:52]} Qc7 {[%clk 1:13:24]} 16. Qf3
{[%clk 0:46:37]} Rad8 {[%clk 1:12:53]} 17. Ne5 {[%clk 0:43:58]} Rf8
{[%clk 1:13:14]} 18. Nd3 {[%clk 0:37:14]} Rfe8 19. Ne5 Rf8 20. Nd3 Rfe8 1/2-1/2